Statistics for 2024 Philadelphia Phillies Roster

Click here to take the quiz!

General Stats

  • This quiz has been taken 111 times
  • The average score is 20 of 26

Answer Stats

PositionAnswer% Correct
INFBryce Harper
99%
CJ.T. Realmuto
97%
OF/DHKyle Schwarber
97%
INFAlec Bohm
96%
INFBryson Stott
96%
INFTrea Turner
95%
SPZack Wheeler
94%
SPAaron Nola
92%
OFJohan Rojas
88%
OFBrandon Marsh
87%
CGarrett Stubbs
86%
OFNick Castellanos
86%
SPRanger Suarez
86%
INFEdmundo Sosa
83%
RPJose Alvarado
77%
INFWhit Merrifield
74%
OFCristian Pache
73%
SPChristopher Sanchez
72%
RPSeranthony Dominguez
71%
RPJeff Hoffman
65%
RPMatt Strahm
63%
SPSpencer Turnbull
63%
RPGregory Soto
56%
RPYunior Marte
46%
RPConnor Brogdon
44%
RPLuis Ortiz
31%

Score Distribution

Percentile by Number Answered

Percent of People with Each Score

Your Score History

You have not taken this quiz